Reimbursing certain Navy personnel for personal property lost or damaged as the result of a fire at the naval auxiliary air facility, Astoria, Oreg., on April 2, 1944.

Bibliographic Details
Corporate Authors: United States. Congress. Senate. Committee on Naval Affairs, ProQuest (Firm)
Format: eBook
Language:English
Published: Washington : [publisher not identified], 1945.
Series:United States congressional serial set.
Subjects:
Online Access:Connect to the full text of this electronic book

MARC

Tag First Indicator Second Indicator Subfields
LEADER 00000cam a22000001a 4500
001 in00003071963
005 20190403174118.0
006 m o d
007 cr un mmmapmmp
008 080308s1945 dcud o f000 0 eng d
035 |a cis2004219728 
040 |a UMI  |c UMI  |d UtOrBLW 
043 |a n-us--- 
099 |a ProQuest Serial Set Number 10925 S.rp.38 
110 1 |a United States.  |b Congress.  |b Senate.  |b Committee on Naval Affairs. 
245 1 0 |a Reimbursing certain Navy personnel for personal property lost or damaged as the result of a fire at the naval auxiliary air facility, Astoria, Oreg., on April 2, 1944. 
246 1 |a Reimburse certain Navy personnel for losses in fire at naval auxiliary air facility, Astoria, Oregon 
264 1 |a Washington :  |b [publisher not identified],  |c 1945. 
300 |a 1 online resource. 
336 |a text  |b txt  |2 rdacontent 
337 |a computer  |b c  |2 rdamedia 
338 |a online resource  |b cr  |2 rdacarrier 
490 0 |a S.rp.38 
500 |a Record is based on bibliographic data in ProQuest U.S. Serial Set Digital Collection (last viewed Mar. 2008). Reuse except for individual research requires license from ProQuest, LLC. 
510 3 |a ProQuest U.S. Serial Set Digital Collection 
500 |a Electronic resource. 
650 0 |a Expenditures, Public. 
650 0 |a Navy-yards and naval stations. 
651 0 |a Oregon. 
655 7 |a Electronic books.  |2 local 
710 2 |a ProQuest (Firm) 
830 0 |a United States congressional serial set. 
856 4 0 |u http://proxy.library.tamu.edu/login?url=http://congressional.proquest.com/congcomp/getdoc?SERIAL-SET-ID=10925+S.rp.38  |z Connect to the full text of this electronic book  |t 0 
999 |a MARS 
999 f f |s 7b0ebcfb-9558-3794-83fe-9c9da65d7938  |i c1d44757-9106-3219-8e07-1bd034f2a9bb  |t 0 
952 f f |a Texas A&M University  |b College Station  |c Electronic Resources  |d Available Online  |t 0  |e ProQuest Serial Set Number 10925 S.rp.38  |h Other scheme 
998 f f |a ProQuest Serial Set Number 10925 S.rp.38  |t 0  |l Available Online